00438cam a2200157 450000500170000000800410001708000100005810000160006824500300008426000300011430000200014450400660016465000230023065000130025365000140026620131010044834.0691009s1969 nyu b 000 0 eng  a159.91 aMay, Rollo.10aLove and will.cRollo May aNew York,bNortonc[1969] a352 f.:c22 cm. aBibliographical references included in "Notes" (p. [326]-343) 0aSeksi (Psikologji) 0aDashuria 0aDèˆshira